अन्तर्राष्ट्रीय संबंध कोश / (Record no. 28305)
[ view plain ]
| 000 -LEADER | |
|---|---|
| fixed length control field | 01188nam a22002537a 4500 |
| 005 - DATE AND TIME OF LATEST TRANSACTION | |
| control field | 20090716111125.0 |
| 008 - FIXED-LENGTH DATA ELEMENTS--GENERAL INFORMATION | |
| fixed length control field | 090714t xxu||||| |||| 00| 0 hin d |
| 010 ## - LCCN (DPL NO) | |
| LC control number | HIN-87293 |
| 020 ## - INTERNATIONAL STANDARD BOOK NUMBER | |
| International Standard Book Number | 8189361147 |
| Terms of availability | 300.00 |
| 035 ## - SYSTEM CONTROL NUMBER | |
| System control number | HN-59639 |
| 037 ## - SOURCE OF ACQUISITION | |
| Source of stock number/acquisition | DBAD / PUB |
| 040 ## - CATALOGING SOURCE | |
| Original cataloging agency | dpl |
| Language of cataloging | hn |
| 082 ## - DEWEY DECIMAL CLASSIFICATION NUMBER | |
| Classification number | 327.03 |
| 100 ## - MAIN ENTRY--PERSONAL NAME | |
| Personal name | पुरी, सुधीर |
| 245 ## - TITLE STATEMENT | |
| Title | अन्तर्राष्ट्रीय संबंध कोश / |
| Statement of responsibility, etc | सुधीर पुरी |
| 246 ## - VARYING FORM OF TITLE | |
| Title proper/short title | Antarrashtriya sambandha kosha |
| Remainder of title | by Sudhir Puri |
| 260 ## - PUBLICATION, DISTRIBUTION, ETC. (IMPRINT) | |
| Place of publication, distribution, etc | दिल्ली |
| Name of publisher, distributor, etc | दृष्टि प्रकाशन |
| Date of publication, distribution, etc | 2009 |
| 270 ## - ADDRESS | |
| Address | 1362, दूसरी मंजिल, कश्मीरी गेट |
| City | दिल्ली |
| Telephone number | 110006 |
| 300 ## - PHYSICAL DESCRIPTION | |
| Extent | 192पृ.. |
| Dimensions | 22सेमी(सजिल्द) |
| 650 ## - SUBJECT ADDED ENTRY--TOPICAL TERM | |
| Topical term or geographic name as entry element | अन्तर्राष्ट्रीय संबंध |
| 650 ## - SUBJECT ADDED ENTRY--TOPICAL TERM | |
| Topical term or geographic name as entry element | International relations |
| 942 ## - ADDED ENTRY ELEMENTS (KOHA) | |
| Source of classification or shelving scheme | Dewey Decimal Classification |
| Item type | Hindi Books |
| Call number suffix | पुरीसु |
| Classification part | 327.03 |
| Withdrawn status | Lost status | Source of classification or shelving scheme | Damaged status | Not for loan | Home library | Current library | Date acquired | Source of acquisition | Cost, normal purchase price | Total Checkouts | Full call number | Barcode | Date last seen | Copy number | Cost, replacement price | Koha item type |
|---|---|---|---|---|---|---|---|---|---|---|---|---|---|---|---|---|
| Dewey Decimal Classification | Not For Loan | D.B.Act.Division | D.B.Act.Division | 16/07/2009 | DBAD / PUB | 300.00 | 327.03 पुरीसु | HN-59639 | 16/07/2009 | 1 | 300.00 | Hindi Books |
